00725nam a2200193 i 4500001000300000100002400003245011300027260003600140300005000176650003000226650003700256700002800293020001500321040000800336041000700344080004100351008004100392856009800433bg1 aKAROŃ, Krzysztof.10aTechniki druku i komputer /cKrzysztof Karoń ; oprac. materiałów informacyjnych Rafał Brejer [et al.]. aWarszawa :b"A.R. Karo",c2000. a495 s. :bfot. (w tym kolor.), rys. ;c30 cm. 9aDrukarstwoxautomatyzacja 9aGrafika komputerowaxzagadnienia1 aBREJER, Rafał.eOprac. a8387983012 cBPK0 apl a655.1/.3:681.6:004.92:004.915:004.35 s pl f |000 0 pol  uhttp://koha.tu.koszalin.pl/cgi-bin/koha/opac-detail.pl?biblionumber=36721yKatalog online BPK